| 000 | 00703nam a2200277Ia 4500 | ||
|---|---|---|---|
| 005 | 20250425161854.0 | ||
| 008 | 250425s9999 xx 000 0 und d | ||
| 020 | _a9684510306 | ||
| 041 | _aspa | ||
| 043 | _amx | ||
| 082 | _a155.2 | ||
| 100 | _aSFERRA, ADAM | ||
| 245 | 0 | _aPERSONALIDAD Y RELACIONES HUMANAS | |
| 250 | _a2A ED. | ||
| 260 | _aMEXICO | ||
| 260 |
_aMéxico _bMCGRAW-HILL _c1992 |
||
| 300 | _a244 | ||
| 500 | _aTítulo Traducido: PERSONALITY AND HUMAN RELATIONS | ||
| 650 | _aLENGUAJE | ||
| 650 | _aPERSONALIDAD | ||
| 650 | _aRELACIONES HUMANAS | ||
| 700 |
_aJOSE MARIA GALLART CAPDEVIÑA _etraductor |
||
| 710 | _aMCGRAW-HILL, INC. | ||
| 942 | _c01 | ||
| 010 | _a33239 | ||
| 999 |
_c217869 _d217869 |
||